Minecraft biomes - Statistics

General Stats
  • This quiz has been taken 21 times
  • The average score is 10 of 47
Answer Stats
Hint Answer % Correct
forest Birch
82%
ocean cold
65%
forest Dark Oak
65%
ocean warm
65%
ocean deep
53%
cave lush
53%
forest Oak
53%
Plains
53%
mushroom island
41%
ocean lukewarm
41%
taiga snowy
41%
nether crimson forest
35%
nether soul sand valley
35%
cave dripstone
29%
nether warped
29%
nether waste
29%
river frozen
24%
ocean frozen
24%
forest Flower
18%
mountain meadow
18%
jungle bamboo
12%
nether basalt deltas
12%
mountain grove
12%
desert regular
12%
savanna regular
12%
taiga regular
12%
swamp regular
12%
jungle regular
12%
beach regular
12%
river regular
12%
ocean regular
12%
beach stony
12%
forest cherry blossom grove
6%
ocean deep cold
6%
ocean deep frozen
6%
ocean deep lukewarm
6%
ocean deep warm
6%
swamp hills
6%
end barrens
0%
forest fungis
0%
taiga giant tree
0%
varient groves
0%
end highlands
0%
mushroom island shoreshore
0%
varient meadows
0%
end midlands
0%
mountain snow-capped
0%
No matching quizzes found
Score Distribution
Percent of People with Each Score
Percentile by Number Answered
Your Score History
You have not taken this quiz